00549nam a2200181 a 4500001000500000005001700005008004100022020001800063050002000081100001700101245003800118260002900156300002900185440001400214650001200228999001900240952010800259187420140414131922.0010725s19uu xx 00 eng d a9781782351658 aM 500bD65 2012 aDown, Hayley aExtraordinary truth about sharks. aMakes me believe,c2012. a1v. (unp.) : ill. ; cm. aI explore aSharks- c111793d111793 001040aMUbMUcMd2014-03-19eRplcemntl0oM 500 D65 2012pM2688r2014-04-14 00:00:00w2014-04-14yBK